| 000 | 01219nam a2200277Ia 4500 | ||
|---|---|---|---|
| 999 |
_c55972 _d55972 |
||
| 001 | 23071 | ||
| 003 | GE_BSU | ||
| 005 | 20230703173036.0 | ||
| 008 | 181216s1990||||ge |||||||||||||| ||geo|| | ||
| 040 | _cGE_BSU | ||
| 041 | _ageo | ||
| 080 | _a821.161.1-32 უ-71 | ||
| 100 |
_aუსპენსკი, ვ. _919160 |
||
| 245 |
_aოქროს საწმისი / _cვ. უსპენსკი, ლ. უსპენსკი ; რედ. კ. ცქიტიშვილი ; მთარგმნ. მ. კვარაცხელია. |
||
| 264 |
_aთბილისი : _bივერთა მხარე, _c1990. |
||
| 300 |
_a128 გვ. ; _c20 სმ. |
||
| 500 | _aკანზე ავტორი მითითებული არ არის | ||
| 520 | _aკანზე ავტ. მითით. არ არის. | ||
| 541 | _h6 ლ. | ||
| 653 | _aარგონავტიკა | ||
| 653 | _aმითები | ||
| 653 | _aოქროს საწმისი | ||
| 700 |
_aცქიტიშვილი, კ. _eრედაქტორი _94511 |
||
| 700 |
_aკვარაცხელია, მ. _eმთარგმნელი _919161 |
||
| 942 |
_cBK _2udc |
||